| 000 | 00554nam a22002057a 4500 | ||
|---|---|---|---|
| 003 | URS | ||
| 005 | 20250828100449.0 | ||
| 008 | 250402b ||||| |||| 00| 0 eng d | ||
| 040 | _cURS | ||
| 050 |
_aRA425 _b.S643 1977 |
||
| 100 |
_912011 _aSmolensky, Jack |
||
| 245 | _aPrinciples of community health | ||
| 264 |
_aPhiladelphia _bSaunders _c©1977 |
||
| 336 |
_2rdacontent _atext |
||
| 337 |
_2rdamedia _aunmediated |
||
| 338 |
_2rdacarrier _avolume |
||
| 650 | 0 |
_96873 _aPublic Health |
|
| 650 | 0 |
_912012 _aCommunity Health Services |
|
| 942 |
_2lcc _cCR |
||
| 999 |
_c84615 _d84613 |
||